000 00400nam a2200133Ia 4500
008 220217s9999||||xx |||||||||||||| ||und||
020 _a9788131727201
082 _a005.13 GEH
100 _aGehtland, Justin and others
245 0 _aPragmatic AJAX; A Web 2.0 Primer
260 _aShroff publishers and distributers
_bBangsalore
_c2011
300 _ax;296
_b350
650 _aPROGRAMMING LANGUAGE
999 _c184119
_d184119